00382nam a22001337a 450000500170000000800410001704100250005808200130008310000130009624500520010926000350016130000260019665000260022220240214144144.0240213b |||||||| |||| 00| 0 eng d aAfrikaans / English  a349 TYD  lEnglish  aTydskrif vir Hedendaagse Romeins-Hollandse Reg  aDurban : bButterworth, c1993 b170 pages ; c25 cm.  aLegal practice bLaw